Simplified site engineering / (Record no. 4292)
[ view plain ]
| 000 -LEADER | |
|---|---|
| fixed length control field | 00956nac a22002651u 4500 |
| 010 ## - LIBRARY OF CONGRESS CONTROL NUMBER | |
| LC control number | 91030112 |
| 020 ## - INTERNATIONAL STANDARD BOOK NUMBER | |
| International Standard Book Number | 0471528099 |
| 020 ## - INTERNATIONAL STANDARD BOOK NUMBER | |
| International Standard Book Number | 0471179876 |
| 082 00 - DEWEY DECIMAL CLASSIFICATION NUMBER | |
| Classification number | 690 |
| Item number | P2381 |
| 090 ## - LOCALLY ASSIGNED LC-TYPE CALL NUMBER (OCLC); LOCAL CALL NUMBER (OCLC) | |
| -- | 4292 |
| -- | 4292 |
| 100 ## - MAIN ENTRY--PERSONAL NAME | |
| Personal name | Parker, Harry, |
| 245 10 - TITLE STATEMENT | |
| Title | Simplified site engineering / |
| Statement of responsibility, etc | Harry Parker and John W. MacGuire. |
| 250 ## - EDITION STATEMENT | |
| Edition statement | 2nd ed. / |
| Remainder of edition statement | prepared by James Ambrose. |
| 260 ## - PUBLICATION, DISTRIBUTION, ETC. (IMPRINT) | |
| Place of publication, distribution, etc | New York : |
| Name of publisher, distributor, etc | Wiley, |
| Date of publication, distribution, etc | c1991. |
| 300 ## - PHYSICAL DESCRIPTION | |
| Extent | xiv, 178 p. : |
| Other physical details | ill., maps ; |
| Dimensions | 26 cm. |
| 500 ## - GENERAL NOTE | |
| General note | Rev. ed. of: Simplified engineering for architects and builders. 1954. |
| 500 ## - GENERAL NOTE | |
| General note | "A Wiley-Interscience publication." |
| 504 ## - BIBLIOGRAPHY, ETC. NOTE | |
| Bibliography, etc | Includes bibliographical references (p. 145) and index. |
| 650 #0 - SUBJECT ADDED ENTRY--TOPICAL TERM | |
| Topical term or geographic name as entry element | Building sites. |
| 650 #0 - SUBJECT ADDED ENTRY--TOPICAL TERM | |
| Topical term or geographic name as entry element | Surveying. |
| 700 1# - ADDED ENTRY--PERSONAL NAME | |
| Personal name | MacGuire, John W. |
| 700 1# - ADDED ENTRY--PERSONAL NAME | |
| Personal name | Ambrose, James E. |
| 942 ## - ADDED ENTRY ELEMENTS (KOHA) | |
| Item type | Book - Borrowing |
| Call number prefix | 690P2381 |
| Withdrawn status | Item status | Damaged status | Not for loan | Home library | Current library | Shelving location | Date acquired | Source of acquisition | Total Checkouts | Full call number | Barcode | Date last seen | Koha item type |
|---|---|---|---|---|---|---|---|---|---|---|---|---|---|
| Central Library | Central Library | First floor | 03/09/2007 | Purchase | 1 | 690 PAR | 000005253 | 15/07/2025 | Book - Borrowing |